O chute que a bola levou (Record no. 62684)

MARC details
000 -LÍDER
campo de controle de tamanho fixo 00376 a2200169 4500
001 - NÚMERO DE CONTROLE
campo de controle 62684
020 ## - ISBN - INTERNATIONAL STANDARD BOOK NUMBER
ISBN - International Standard Book Number 9788516070076
040 ## - FONTE DA CATALOGAÇÃO
Instituição que transcreveu o registro Anchieta - Pituba
100 ## - ENTRADA PRINCIPAL--NOME PESSOAL
Nome pessoal Azevedo, Ricardo
240 10 - TÍTULO UNIFORME
Título uniforme O chute que a bola levou
Idioma da obra por
245 10 - TÍTULO
Título O chute que a bola levou
300 ## - DESCRIÇÃO FÍSICA
Extensão 110
362 0# - DATAS DE PUBLICAÇÃO E/OU DESIGNAÇÃO SEQUENCIAL
Datas de publicação e/ou designação sequencial 2011
440 #1 - DECLARAÇÃO DE SÉRIE/ENTRADA ADICIONADA--TÍTULO
Título Moderna
650 #4 - ASSUNTO--TERMO TÓPICO
Cabeçalho tópico ou nome geográfico Literatura juvenil
942 ## - ELEMENTOS DE ENTRADA ADICIONADOS (KOHA)
Tipo de material Koha Livros
Holdings
Situação do descarte Situação das perdas Situação física Não pode ser emprestado Biblioteca de origem Biblioteca atual Data de aquisição Total de empréstimos Número de chamada completo Código de barras Data de último acesso Data do preço efetivo Tipo de material Koha Fonte da classificação ou esquema de arquivamento na estante Número do exemplar
        Colégio Anchieta - Pituba Colégio Anchieta - Pituba 21/11/2023   LJ 028.5 A994c AZE CHU 15832/PIT 21/11/2023 21/11/2023 Livros    
        Colégio Anchieta - Pituba Colégio Anchieta - Pituba 21/11/2023   LJ 028.5 A994c AZE CHU 15833/PIT 21/11/2023 21/11/2023 Livros    
        Colégio Anchieta - Pituba Colégio Anchieta - Pituba 21/11/2023   LJ 028.5 A994c AZE CHU 15834/PIT 21/11/2023 21/11/2023 Livros    
        Colégio Anchieta - Pituba Colégio Anchieta - Pituba 21/11/2023   LJ 028.5 A994c AZE CHU 22384/PIT 21/11/2023 21/11/2023 Livros    
        ESTA - SÃO BENTO ESTA - SÃO BENTO 30/04/2024   B869 AZE CHU EST00012570 30/04/2024 30/04/2024 Livros    
        Portinari - Salvador Portinari - Salvador 22/07/2024   028.5 A994c 11866/CCP 22/07/2024 22/07/2024 Livros   Ex. 1